Statistics for Countries with the Most Venomous Animals

Click here to take the quiz!

General Stats

  • This quiz has been taken 14,660 times
  • The average score is 13 of 18

Answer Stats

# Country % Correct
66Australia
97%
75Brazil
95%
36United States
91%
60India
89%
80Mexico
88%
59Indonesia
82%
53Colombia
81%
47Peru
77%
36Venezuela
74%
50Vietnam
72%
49Thailand
72%
37South Africa
70%
38Malaysia
67%
47Ecuador
62%
48Myanmar
55%
34Papua New Guinea
52%
34Kenya
49%
38Iran
42%

Score Distribution

Percentile by Number Answered

Percent of People with Each Score

Your Score History

You have not taken this quiz